Every 100,000+ City in Palestine in Order - Statistics

General Stats
  • This quiz has been taken 35 times
    10 since last reset
  • The average score is 9 of 13
Answer Stats
Letter Population City % Correct
G 2,206,944 Gaza
100%
R 330,685 Ramallah
100%
N 417,061 Nablus
89%
E-J 644,163 East Jerusalem
78%
H 531,392 Hebron
78%
K-Y 316,034 Khan Yunis
67%
R 285,916 Rafah
67%
D-A-B 248,475 Deir al-Balah
56%
J 124,923 Jenin
56%
B-L 120,055 Beit Lahia
44%
B 145,076 Bethlehem
44%
J 214,086 Jabalia
44%
Q 102,476 Qalqilya
33%
No matching quizzes found
Score Distribution
Percent of People with Each Score
Percentile by Number Answered
Your Score History
You have not taken this quiz since the last reset